Máximos goleadores de la Ligue 1 2022-2023 - Estadísticas

Estadísticas generales
  • Esta prueba ha sido intentada 26 veces
  • La puntuación promedio es 6 de 10
Estadísticas de respuestas
Goles Nacionalidad Equipo Jugador % Correcto
29 Francia París Saint-Germain Kylian Mbappé
100%
24 Canadá Lille OSC BandJonathan David
88%
16 Argentina París Saint-Germain Lionel Messi
88%
18 Francia AS Monaco Wissam Ben Yedder
76%
27 Francia Olympique de Lyon Alexandre Lacazette
68%
20 Bélgica RC Lens Loïs Openda
52%
20 Estados Unidos Stade Reíms Folarin Balogun
40%
17 Nigeria OGC Niza Terem Moffi
24%
17 Francia Montpellier Hérault SC Elye Wahi
20%
20 Senegal Racing de Estrasburgo Habib Diallo
20%
No se encontraron pruebas coincidentes
Distribución de puntuación
Porcentaje de gente con cada puntuación
Porcentaje por número respondido
Historial de tus puntuaciones
No has intentado esta prueba.